Library of congress subject headings (Record no. 7326)
[ view plain ]
| 000 -LEADER | |
|---|---|
| fixed length control field | 00631nam a22001817a 4500 |
| 008 - FIXED-LENGTH DATA ELEMENTS--GENERAL INFORMATION | |
| fixed length control field | 230310b |||||||| |||| 00| 0 eng d |
| 040 ## - CATALOGING SOURCE | |
| Original cataloging agency | National Science Library |
| Transcribing agency | National Science Library |
| 080 ## - UNIVERSAL DECIMAL CLASSIFICATION NUMBER | |
| Universal Decimal Classification number | D 025.43LCSH |
| Item number | N4.3 |
| 245 ## - TITLE STATEMENT | |
| Title | Library of congress subject headings |
| Statement of responsibility, etc. | / Prepared by the cataloging policy and support office, library science |
| 250 ## - EDITION STATEMENT | |
| Edition statement | 17th ed. |
| 260 ## - PUBLICATION, DISTRIBUTION, ETC. | |
| Place of publication, distribution, etc. | Washington: |
| Name of publisher, distributor, etc. | Library of Congress, |
| Date of publication, distribution, etc. | 1994 |
| 300 ## - PHYSICAL DESCRIPTION | |
| Extent | 4113p. |
| 500 ## - GENERAL NOTE | |
| General note | Vol. 1 (A-C)<br/>Vol. 2 (D-J)<br/>Vol. 3 (K-P)<br/>Vol. 4 (Q-Z)<br/> |
| 650 ## - SUBJECT ADDED ENTRY--TOPICAL TERM | |
| Topical term or geographic name entry element | Library science |
| 653 ## - INDEX TERM--UNCONTROLLED | |
| Uncontrolled term | Cataloging |
| 653 ## - INDEX TERM--UNCONTROLLED | |
| Uncontrolled term | Subject heading |
| 942 ## - ADDED ENTRY ELEMENTS (KOHA) | |
| Source of classification or shelving scheme | Universal Decimal Classification |
| Koha item type | Reference |
| Withdrawn status | Lost status | Source of classification or shelving scheme | Damaged status | Not for loan | Home library | Current library | Shelving location | Date acquired | Serial Enumeration / chronology | Total Checkouts | Full call number | Barcode | Date due | Date last seen | Price effective from | Koha item type |
|---|---|---|---|---|---|---|---|---|---|---|---|---|---|---|---|---|
| Universal Decimal Classification | National Science Library | National Science Library | GF/Rk-2/C-14/R-6 | 02/02/1996 | Vol.3, 1994 | D 025.43LCSH N4.3 | 176397 | 10/03/2023 | 10/03/2023 | Reference | ||||||
| Universal Decimal Classification | National Science Library | National Science Library | GF/Rk-2/C-14/R-6 | 02/02/1996 | Vol.1, 1994 | D 025.43LCSH N4.1 | 176395 | 10/03/2023 | 10/03/2023 | Reference | ||||||
| Universal Decimal Classification | National Science Library | National Science Library | GF/Rk-2/C-14/R-6 | 02/02/1996 | Vol.2, 1994 | D 025.43LCSH N4.2 | 176396 | 10/03/2023 | 10/03/2023 | Reference | ||||||
| Universal Decimal Classification | National Science Library | National Science Library | GF/Rk-2/C-14/R-6 | 02/02/1996 | Vol.4, 1994 | D 025.43LCSH N4.4 | 176398 | 10/03/2023 | 10/03/2023 | Reference |